<?xml version="1.0" encoding="UTF-8"?>
<record
    xmlns:xsi="http://www.w3.org/2001/XMLSchema-instance"
    xsi:schemaLocation="http://www.loc.gov/MARC21/slim http://www.loc.gov/standards/marcxml/schema/MARC21slim.xsd"
    xmlns="http://www.loc.gov/MARC21/slim">

  <leader>00863nam a22002297a 4500</leader>
  <controlfield tag="005">20170123162305.0</controlfield>
  <datafield tag="010" ind1=" " ind2=" ">
    <subfield code="a">B-077891</subfield>
  </datafield>
  <datafield tag="020" ind1=" " ind2=" ">
    <subfield code="c">120.00</subfield>
  </datafield>
  <datafield tag="035" ind1=" " ind2=" ">
    <subfield code="a">B-077891</subfield>
  </datafield>
  <datafield tag="037" ind1=" " ind2=" ">
    <subfield code="b">Cen Lib/Ret</subfield>
  </datafield>
  <datafield tag="040" ind1=" " ind2=" ">
    <subfield code="a">DPL</subfield>
    <subfield code="b">UR</subfield>
  </datafield>
  <datafield tag="082" ind1=" " ind2=" ">
    <subfield code="a">230</subfield>
    <subfield code="b">&#x645; &#x62D; &#x633; </subfield>
  </datafield>
  <datafield tag="100" ind1=" " ind2=" ">
    <subfield code="a">&#x645;&#x648;&#x62D;&#x633;&#x646; &#x639;&#x62B;&#x645;&#x627;&#x646;&#x6CC; &#x646;&#x62F;&#x648;&#x6CC; </subfield>
    <subfield code="9">109634</subfield>
  </datafield>
  <datafield tag="245" ind1=" " ind2=" ">
    <subfield code="a">&#x6C1;&#x646;&#x633;&#x648; &#x645;&#x630;&#x6C1;&#x628;  :</subfield>
    <subfield code="c">&#x645;&#x648;&#x62D;&#x633;&#x646; &#x639;&#x62B;&#x645;&#x627;&#x646;&#x6CC; &#x646;&#x62F;&#x648;&#x6CC; </subfield>
    <subfield code="b">&#x645;&#x648;&#x637;&#x627;&#x644;&#x6CC;&#x627; &#x627;&#x648;&#x631; &#x62C;&#x627;&#x6CC;&#x632;&#x6C1;  :</subfield>
  </datafield>
  <datafield tag="246" ind1=" " ind2=" ">
    <subfield code="a">Hindu mazhab : mutaalya aur jayeza /</subfield>
    <subfield code="b">by Mohsin Usmani Nadvi</subfield>
  </datafield>
  <datafield tag="260" ind1=" " ind2=" ">
    <subfield code="a">&#x646;&#x6CC;&#x6CC; &#x62F;&#x6C1;&#x644;&#x6CC; </subfield>
    <subfield code="b">&#x627;&#x646;&#x648;&#x627;&#x631;&#x633;&#x644; &#x67E;&#x6CC;&#x633; &#x6C1;&#x627;&#x624;&#x633; </subfield>
    <subfield code="c">2001</subfield>
  </datafield>
  <datafield tag="270" ind1=" " ind2=" ">
    <subfield code="b">&#x646;&#x6CC;&#x6CC; &#x62F;&#x6C1;&#x644;&#x6CC; </subfield>
    <subfield code="a">&#x639;&#x631;&#x641;&#x6CC; &#x627;&#x67E;&#x627;&#x631;&#x679;&#x645;&#x646;&#x679; &#x60C; &#x661;&#x666;&#x663;/&#x628;-&#x663;&#x60C; &#x62C;&#x648;&#x6AF;&#x627;&#x628;&#x6CC; &#x627;&#x6CC;&#x6A9;&#x633;&#x679;&#x6CC;&#x646;&#x634;&#x646; &#x60C; &#x62C;&#x627;&#x645;&#x6C1; &#x646;&#x6AF;&#x631; </subfield>
    <subfield code="e">110025</subfield>
  </datafield>
  <datafield tag="300" ind1=" " ind2=" ">
    <subfield code="a">296p.</subfield>
    <subfield code="c">21cm(pbk)</subfield>
  </datafield>
  <datafield tag="650" ind1=" " ind2=" ">
    <subfield code="a">&#x6C1;&#x646;&#x62F;&#x648; &#x645;&#x630;&#x6C1;&#x628; </subfield>
    <subfield code="9">547</subfield>
  </datafield>
  <datafield tag="650" ind1=" " ind2=" ">
    <subfield code="a">Hinduism</subfield>
    <subfield code="9">109635</subfield>
  </datafield>
  <datafield tag="942" ind1=" " ind2=" ">
    <subfield code="2">ddc</subfield>
    <subfield code="c">UR</subfield>
    <subfield code="h">230</subfield>
    <subfield code="m">&#x645; &#x62D; &#x633; </subfield>
  </datafield>
  <datafield tag="999" ind1=" " ind2=" ">
    <subfield code="c">106254</subfield>
    <subfield code="d">106254</subfield>
  </datafield>
  <datafield tag="952" ind1=" " ind2=" ">
    <subfield code="0">0</subfield>
    <subfield code="1">0</subfield>
    <subfield code="4">0</subfield>
    <subfield code="7">0</subfield>
    <subfield code="a">L</subfield>
    <subfield code="b">L</subfield>
    <subfield code="d">2015-12-17</subfield>
    <subfield code="e">Cen Lib/Ret</subfield>
    <subfield code="g">120.00</subfield>
    <subfield code="l">1</subfield>
    <subfield code="o">230 &#x645; &#x62D; &#x633;</subfield>
    <subfield code="p">B-077891</subfield>
    <subfield code="r">2017-06-27 00:00:00</subfield>
    <subfield code="s">2017-06-14</subfield>
    <subfield code="t">1</subfield>
    <subfield code="v">120.00</subfield>
    <subfield code="w">2015-12-17</subfield>
    <subfield code="y">UR</subfield>
  </datafield>
</record>
